God´s providence : a sermon / C.H. Spurgeon (Registro nro. 43897)
[ vista simple ]
| 000 -LÍDER | |
|---|---|
| Campo fijo de descripción fija | 005220000a22001810004500 |
| 020 ## - NÚMERO INTERNACIONAL NORMALIZADO PARA LIBROS | |
| Número Internacional Normalizado del libro | Donación |
| 041 0# - CÓDIGO DE IDIOMA | |
| Código de idioma para texto/pista de sonido o título separado | |
| 001 - NÚMERO DE CONTROL | |
| Campo de control | 17233 |
| 100 1# - ASIENTO PRINCIPAL--NOMBRE PERSONAL | |
| Nombre personal | Spurgeon, C. H. (Charles Haddon) (1834-1892) |
| 245 10 - TÍTULO | |
| Título del Material | God´s providence : a sermon / C.H. Spurgeon |
| 260 ## - PUBLICACIÓN, DISTRIBUCIÓN, ETC. (PIE DE IMPRENTA) | |
| Lugar de publicación, distribución, etc. | Choteau, Montana : Gospel Mission |
| 300 ## - DESCRIPCIÓN FÍSICA | |
| Extensión | 25 p. |
| 505 00 - NOTA DE CONTENIDO | |
| Nota de contenido con formato preestablecido | Providencia de Dios |
| 650 14 - ASIENTO SECUNDARIO DE MATERIA - TERMINO TEMÁTICO | |
| Término temático o nombre geográfico como elemento de entrada | PROVIDENCIA DIVINA |
| 942 ## - TIPO DE MATERIAL (KOHA) | |
| Tipo de Item KOHA | Libros General |
| Estado de Material | Estado de Perdido | Estado de Dañado | No para Préstamo | Colección | Tomo | Biblioteca de Origen | Biblioteca Permanente | Fecha de Adquisición | Total de Préstamos | Signatura Topográfica | Código de Barras | Última vez visto | Ejemplar/Existencia | Fecha de Remplazo | Tipo de Material |
|---|---|---|---|---|---|---|---|---|---|---|---|---|---|---|---|
| Colección Folletos | Biblioteca FUSBC | Biblioteca FUSBC | 15/07/2011 | AV 0034 | 17254 | 12/12/2019 | 1 | 26/01/2016 | Documentos Archivo Vertical |
